000 01820cam a2200469 a 4500
001 13996887
003 OSt
005 20230919120018.0
008 050609s2005 enkb f b 001 0 eng d
010 _a 2005276712
015 _aGBA477173
_2bnb
016 7 _a013023711
_2Uk
020 _a0745322824 (hbk.)
020 _a0745322816 (pbk.)
035 _a(OCoLC)ocm56875671
040 _aUKM
_cUKM
_dOCLCQ
_dC#P
_dDLC
042 _alccopycat
043 _an-us---
_aa-is---
_aa-iq---
050 0 0 _aDS63.18
_b.C66 2005
082 0 0 _a956.7043
_bCOO/A
100 1 _aCooley, John K.,
_d1927-2008
_99515
245 1 3 _aAn alliance against Babylon :
_bthe U.S., Israel, and Iraq /
_cJohn K. Cooley.
260 _aLondon ;
_aAnn Arbor, MI :
_bPluto Press,
_c2005.
300 _axii, 258 p. :
_bmap ;
_c24 cm.
504 _aIncludes bibliographical references (p. 242-246) and index.
600 1 0 _aHussein, Saddam,
_d1937-2006.
650 0 _aArab-Israeli conflict.
650 0 _aIraq War, 2003-2011.
651 0 _aMiddle East
_xHistory.
651 0 _aMiddle East
_xPolitics and government.
651 0 _aUnited States
_xForeign relations
_zIsrael.
651 0 _aIsrael
_xForeign relations
_zUnited States.
651 0 _aIsrael
_xPolitics and government
_y1993-
651 0 _aIraq
_xPolitics and government
_y1958-
651 0 _aIsrael
_xForeign relations
_zIraq.
651 0 _aIraq
_xForeign relations
_zIsrael.
651 0 _aUnited States
_xForeign relations
_zIraq.
651 0 _aIraq
_xForeign relations
_zUnited States.
906 _a7
_bcbc
_ccopycat
_d2
_encip
_f20
_gy-gencatlg
942 _2ddc
_cBK
_h956.7043
_iCOO/A
_k956.7043
_mCOO/A
999 _c42291
_d42291